Toinen maailmansota - henkilövisa - Statistics

Yleistilastot
  • Tätä visaa on pelattu 316 kertaa
  • Keskiarvotulos 8 / 15
Vastaustilastot
Kuvavisa Vastaus % Oikein
Adolf Hitler
100%
Josif Stalin
98%
Carl Gustaf Emil Mannerheim
85%
Winston Churchill
80%
Benito Mussolini
70%
Hirohito
61%
Heinrich Himmler
59%
Hermann Göring
45%
Dwight Eisenhower
42%
Erwin Rommel
42%
Harry Truman
40%
Karl Dönitz
25%
Charles de Gaulle
21%
Tšiang Kai-šek
6%
Chester Nimitz
4%
Ehtoja vastaavia visoja ei löytynyt
Tulosjakauma
Jokaisen tuloksen saaneiden osuus
Persentiili vastausten määrän mukaan
Tuloshistoriasi
Et ole pelannut tätä visaa